000 00514nam a22001817a 4500
999 _c526188
_d526188
003 NUST
005 20190709071326.0
038 _aFaiza
082 _a923.7
_bIFT
100 _aIftikhar Warich Kalrvi
_917161
245 _aDais mera Ji dara di /
_cIftikhar Warich Kalrvi
260 _aGujrat:
_bRozen Publishers,
_c2000.
300 _a64p. ;
500 _aPaper cover
880 _6100-01\r
_aافتخار وڑائچ کالروی
880 _6245-02\r
_a /دیس میرا جی داراں دا
942 _2ddc
_cBK